000 00721nab a2200229 a 4500
005 20210219161808.0
008 991125s1985 mx 000 0 spa u
035 _aUPN01000192082
100 1 _aGutiérrez, Marisel
222 _aINTERDISCIPLINARIA
245 _aAdaptación y validación del inventario de estilos de pensamiento de Sternberg (TSI) en la provincia de Entre Ríos, Argentina
260 _aBuenos Aires, Argentina
300 _a43-62
362 0 _a2012 Vol. 29, no. 1
653 0 _aESTILOS DE PENSAMIENTO
653 0 _aESTUDIANTE UNIVERSITARIO
653 0 _aENTRE RIOS, ARGENTINA
653 0 _aEVALUACION PSICOLOGICA
700 1 _aKrumm, Gabriela,
700 1 _ecoaut.
905 _aArticulo
999 _c164185
_d164185